Політологія (Запис № 328081)
[ простий вигляд ]
| 000 -LEADER | |
|---|---|
| fixed length control field | 00755nam a22002417a 4500 |
| 001 - CONTROL NUMBER | |
| control field | 41949 |
| 003 - CONTROL NUMBER IDENTIFIER | |
| control field | UA-OsUOA |
| 005 - DATE AND TIME OF LATEST TRANSACTION | |
| control field | 20200420205619.0 |
| 007 - PHYSICAL DESCRIPTION FIXED FIELD--GENERAL INFORMATION | |
| fixed length control field | ta |
| 008 - FIXED-LENGTH DATA ELEMENTS--GENERAL INFORMATION | |
| fixed length control field | 20061018b un ||||| |||| 00| 0 ukr d |
| 020 ## - INTERNATIONAL STANDARD BOOK NUMBER | |
| International Standard Book Number | 966-580-097-3 |
| 040 ## - CATALOGING SOURCE | |
| Original cataloging agency | UA-OsUOA |
| Language of cataloging | ukr |
| Transcribing agency | UA-OsUOA |
| Modifying agency | UA-OsUOA |
| 041 ## - LANGUAGE CODE | |
| Language code of text/sound track or separate title | ukr |
| 080 ## - UNIVERSAL DECIMAL CLASSIFICATION NUMBER | |
| Universal Decimal Classification number | 32(075.8) |
| 090 ## - LOCALLY ASSIGNED LC-TYPE CALL NUMBER (OCLC); LOCAL CALL NUMBER (OCLC) | |
| Classification number (OCLC) (R) ; Classification number, CALL (RLIN) (NR) | 32(075.8) |
| Local cutter number (OCLC) ; Book number/undivided call number, CALL (RLIN) | П50 |
| 245 ## - TITLE STATEMENT | |
| Title | Політологія |
| Remainder of title | Підручник для студентів вищих навчальних закладів |
| Statement of responsibility, etc | За ред. О. В. Бабкіної |
| 260 ## - PUBLICATION, DISTRIBUTION, ETC. (IMPRINT) | |
| Place of publication, distribution, etc | К. |
| Name of publisher, distributor, etc | Академія |
| Date of publication, distribution, etc | 2003 |
| 300 ## - PHYSICAL DESCRIPTION | |
| Extent | 528 с. |
| 650 #7 - SUBJECT ADDED ENTRY--TOPICAL TERM | |
| Topical term or geographic name as entry element | 32 Політика |
| Source of heading or term | UDC |
| 942 ## - ADDED ENTRY ELEMENTS (KOHA) | |
| Koha item type | Книги |
| Source of classification or shelving scheme | Universal Decimal Classification |
| 955 ## - COPY-LEVEL INFORMATION (RLIN) | |
| Classification number, CCAL (RLIN) | Навчальні видання |
| Withdrawn status | Lost status | Source of classification or shelving scheme | Damaged status | Not for loan | Home library | Current library | Date acquired | Source of acquisition | Cost, normal purchase price | Inventory number | Total Checkouts | Full call number | Barcode | Date last seen | Date checked out | Price effective from | Koha item type |
|---|---|---|---|---|---|---|---|---|---|---|---|---|---|---|---|---|---|
| Universal Decimal Classification | АБ - Абонемент НБ | АБ - Абонемент НБ | 09/08/2007 | 135/2007 | 15.00 | 105861 | 1 | 32(075.8) П50 | 105861 | 22/11/2021 | 15/11/2019 | 18/10/2006 | Книги | ||||
| Withdrawn | Universal Decimal Classification | АБ - Абонемент НБ | АБ - Абонемент НБ | 18/10/2006 | 109/2006 | 14.00 | 99495 | 32(075.8) П50 | 99495 | 13/07/2019 | 18/10/2006 | Книги | |||||
| Withdrawn | Universal Decimal Classification | Not For Loan | АБ - Абонемент НБ | АБ - Абонемент НБ | 08/12/2010 | 112/2010 | 35.00 | 130128 | 32(075.8) П50 | 130128 | 13/07/2019 | 08/12/2010 | Книги | ||||
| Universal Decimal Classification | АБ - Абонемент НБ | АБ - Абонемент НБ | 23/12/2010 | 112/2010 | 35.00 | 130216 | 32(075.8) П50 | 130216 | 22/11/2021 | 08/12/2010 | Книги | ||||||
| Universal Decimal Classification | АБ - Абонемент НБ | АБ - Абонемент НБ | 27/09/2011 | 118/2011 | 34.50 | 134153 | 1 | 32(075.8) П50 | 134153 | 22/11/2021 | 16/07/2019 | 27/09/2011 | Книги |